French Literature - Statistics

General Stats
  • This quiz has been taken 580 times
  • The average score is 13 of 20
Answer Stats
Famous works Answer % Correct
The mis, the Hunchback of Notre-Dame, Hernani Victor Hugo
94%
The three Musketeers, the Count of monte-christo Alexandre Dumas
92%
The Stranger, the Plague, the myth of SIsyphus Albert Camus
89%
Twenty Thousand leagues under the sea, Around the world in Eighty days Jules Verne
88%
Madame Bovary, Sentimental education, Salambô Gustave Flaubert
86%
Zadig, Candide, Philosophical Dictionary Voltaire
86%
The little prince, Southern Mail Antoine de Saint-Exupéry
82%
Dom Juan, Tartuffe (The impostor), The school for wives Molière
77%
In search of Lost time Marcel Proust
76%
The Mandarins, She came to stay, The second sex Simone de Beauvoir
74%
The Flowers of Evil, Paris spleen Baudelaire
72%
No exit, Dirty Hands, Existensialism is a humanism Jean-Paul Sartre
72%
Phèdre, Andromaque, Athalie Jean Racine
63%
The human Comedy (la comédie humaine) Honoré de Balzac
60%
A season in Hell, the Drunken Boat Arthur Rimbaud
40%
Journey to the End of the Night, Death on Credit, Castle to Castle Louis-Ferdinand Céline
39%
The sea Wall, The lover Marguerite Duras
29%
The Counterfeiters, The Vatican Cellars Gide
24%
The Elementary Particles, Submission, The map and the territory Michel Houellebecq
23%
La Place de l'Etoile, Dora Bruder Patrick Modiano
11%
No matching quizzes found
Score Distribution
Percent of People with Each Score
Percentile by Number Answered
Your Score History
You have not taken this quiz